000 00762nam a22002297a 4500
999 _c20839
_d20839
005 20200211134253.0
008 200211b xxu||||| |||| 00| 0 spa d
040 _aCO-BoIAVH
_cCO-BoIAVH
041 _aspa
044 _ack
082 _a304.2
_bT58m
100 _aToloza Chaparro, Jessica
245 _aMemoria ambiental y reconciliación:
_bLa enunciación de la vida.
260 _aBogotá:
_bCENSAT Agua Viva - Amigos de la tierra Colombia,
_c2018.
300 _a53 Páginas:
_c21 x 14 cm.
650 0 _aImpacto ambiental
_zColombia
650 0 _amemoria ambiental
650 0 _aConservación del medio ambiente
650 0 _aHistoria
_zColombia
710 _aHeinrich-Böll-Stiftung
942 _2ddc
_cLIBRO